Random Australian Birds by Picture - Statistics

General Stats
  • This quiz has been taken 1,623 times
  • The average score is 6 of 16
Answer Stats
Picture Answer % Correct
Australian Brush-turkey
100%
Australian Pelican
100%
Australian Wood Duck
100%
Barn Owl
100%
Black Swan
100%
Bourke's Parrot
100%
Buff-banded Rail
100%
Cockatiel
100%
Eastern Rosella
100%
Emu
100%
Peaceful Dove
100%
Pied Currawong
100%
Red-rumped Parrot
100%
Rose Robin
100%
Rufous Songlark
100%
Satin Bowerbird
100%
Southern Cassowary
100%
Spotted Pardalote
100%
Striated Pardalote
100%
Superb Fairy-wren
100%
Wandering Albatross
100%
Weebill
100%
Welcome Swallow
100%
Yellow Wattlebird
100%
Zebra Finch
100%
Crimson Rosella
90%
Great Egret
90%
Australian White Ibis
89%
Tawny Frogmouth
89%
Black Currawong
88%
Budgerigar
88%
Little Penguin
88%
Australian King-Parrot
86%
Eurasian Coot
86%
Powerful Owl
86%
Yellow-throated Miner
86%
Australian Magpie
83%
Brolga
83%
Laughing Kookaburra
83%
Magpie-lark
83%
Noisy Miner
83%
Silver Gull
83%
Apostlebird
80%
Blue-winged Kookaburra
80%
Crested Pigeon
80%
Forty-spotted Pardalote
80%
Galah
80%
Gouldian Finch
80%
Hoary-headed Grebe
80%
Musk Duck
80%
Pacific Baza
80%
Plains-wanderer
80%
Variegated Fairy-wren
80%
Willie Wagtail
80%
Yellow-faced Honeyeater
80%
Sacred Kingfisher
78%
Black Honeyeater
75%
Chowchilla
75%
Crested Tern
75%
Diamond Firetail
75%
Double-eyed Fig-Parrot
75%
Grey Butcherbird
75%
Grey Fantail
75%
Masked Lapwing
75%
Red-browed Finch
75%
Spiny-cheeked Honeyeater
75%
Spotted Nightjar
75%
Hooded Plover
71%
Painted Finch
71%
Peregrine Falcon
71%
Sooty Oystercatcher
71%
Sulphur-crested Cockatoo
71%
Banded Lapwing
67%
Cape Barren Goose
67%
Chestnut-crowned Babbler
67%
Chestnut Quail-thrush
67%
Chestnut Teal
67%
Collared Sparrowhawk
67%
Dusky Woodswallow
67%
Fan-tailed Cuckoo
67%
Mistletoebird
67%
Oriental Dollarbird
67%
Pacific Black Duck
67%
Palm Cockatoo
67%
Pink-eared Duck
67%
Purple Swamphen
67%
Red-backed Fairy-wren
67%
Sanderling
67%
Victoria's Riflebird
67%
White-backed Swallow
67%
Wood Sandpiper
67%
Rainbow Lorikeet
64%
Regent Honeyeater
63%
Yellow Honeyeater
63%
Australian Painted-Snipe
60%
Australian Ringneck
60%
Black-shouldered Kite
60%
Blue-billed Duck
60%
Dusky Moorhen
60%
Flame Robin
60%
Letter-winged Kite
60%
Painted Honeyeater
60%
Pied Cormorant
60%
Plumed Whistling-Duck
60%
Red-winged Parrot
60%
Regent Bowerbird
60%
Silvereye
60%
Straw-necked Ibis
60%
Superb Lyrebird
60%
Topknot Pigeon
60%
Wedge-tailed Eagle
60%
White-bellied Sea-Eagle
60%
White-browed Robin
60%
White-necked Heron
60%
Wonga Pigeon
60%
Black-winged Stilt
57%
Cattle Egret
57%
Crimson Chat
57%
Eastern Osprey
57%
Eastern Whipbird
57%
Eclectus Parrot
57%
Scarlet Robin
57%
Spinifex Pigeon
57%
Striated Grasswren
57%
Royal Spoonbill
56%
Eastern Spinebill
55%
Masked Booby
55%
Australasian Pipit
50%
Australasian Shoveler
50%
Azure Kingfisher
50%
Banded Stilt
50%
Bar-tailed Godwit
50%
Beach Stone-curlew
50%
Black Bittern
50%
Black-headed Honeyeater
50%
Blue-faced Honeyeater
50%
Brown Honeyeater
50%
Chestnut-rumped Heathwren
50%
Crescent Honeyeater
50%
Eastern Reef Egret
50%
Fairy Martin
50%
Freckled Duck
50%
Gibberbird
50%
Glossy Ibis
50%
Golden Whistler
50%
Great Crested Grebe
50%
Green Catbird
50%
Ground Cuckoo-shrike
50%
Hardhead
50%
Little Black Cormorant
50%
Little Egret
50%
Long-tailed Finch
50%
Major Mitchell's Cockatoo
50%
Mangrove Gerygone
50%
Metallic Starling
50%
Mulga Parrot
50%
New Holland Honeyeater
50%
Orange-bellied Parrot
50%
Pied Butcherbird
50%
Pied Oystercatcher
50%
Plum-headed Finch
50%
Rainbow Bee-eater
50%
Red-backed Kingfisher
50%
Red-bellied Pitta
50%
Red-collared Lorikeet
50%
Rufous Bristlebird
50%
Sharp-tailed Sandpiper
50%
Shining Flycatcher
50%
Spotted Catbird
50%
Striated Heron
50%
Swamp Harrier
50%
Western Rosella
50%
Western Wattlebird
50%
Western Yellow Robin
50%
Australian Shelduck
45%
Baudin's Black-Cockatoo
44%
Black Kite
44%
Double-barred Finch
44%
Little Corella
44%
Speckled Warbler
44%
Superb Parrot
44%
White-winged Triller
44%
Albert's Lyrebird
43%
Australasian Darter
43%
Bluebonnet
43%
Bush Stone-curlew
43%
Macleay's Honeyeater
43%
Masked Finch
43%
Orange-footed Scrubfowl
43%
Paradise Riflebird
43%
Red-kneed Dotterel
43%
Red Wattlebird
43%
Shining Bronze-Cuckoo
43%
Shy Albatross
43%
Singing Honeyeater
43%
Tree Martin
43%
White-plumed Honeyeater
43%
Bar-shouldered Dove
40%
Brown Booby
40%
Brown Falcon
40%
Fairy Gerygone
40%
Glossy Black-Cockatoo
40%
Nankeen Kestrel
40%
Pacific Swift
40%
Painted Button-quail
40%
Pomarine Jaeger
40%
Red-browed Pardalote
40%
Red-necked Avocet
40%
Scarlet Honeyeater
40%
Sooty Owl
40%
Tasmanian Thornbill
40%
Terek Sandpiper
40%
Varied Lorikeet
40%
Varied Sittella
40%
White-fronted Chat
40%
Yellow Thornbill
40%
Cotton Pygmy-goose
38%
Dusky Robin
38%
Eastern Ground Parrot
38%
Little Friarbird
38%
Long-billed Corella
38%
Northern Rosella
38%
Red-tailed Tropicbird
38%
Whimbrel
36%
White-faced Heron
36%
Australasian Figbird
33%
Australasian Gannet
33%
Banded Honeyeater
33%
Black-browed Albatross
33%
Black-faced Cormorant
33%
Black Noddy
33%
Black-tailed Native-hen
33%
Caspian Tern
33%
Comb-crested Jacana
33%
Crested Shrike-tit
33%
Diamond Dove
33%
Dusky Grasswren
33%
Fairy Tern
33%
Gang-Gang Cockatoo
33%
Gilbert's Whistler
33%
Golden-shouldered Parrot
33%
Grey Goshawk
33%
Hooded Robin
33%
Inland Dotterel
33%
Magpie Goose
33%
Musk Lorikeet
33%
Noisy Scrub-bird
33%
Red-capped Parrot
33%
Red-footed Booby
33%
Red-necked Stint
33%
Red-tailed Black-Cockatoo
33%
Rufous Fantail
33%
Rufous-throated Honeyeater
33%
Scrubtit
33%
Splendid Fairy-wren
33%
Spotless Crake
33%
Torresian Crow
33%
Wandering Whistling-Duck
33%
Western Spinebill
33%
White-eared Honeyeater
33%
White-headed Pigeon
33%
White-quilled Rock-Pigeon
33%
White Tern
33%
White-winged Fairywren
33%
Yellow-bellied Sunbird
33%
Yellow-plumed Honeyeater
33%
Purple-crowned Lorikeet
30%
Rainbow Pitta
30%
Australian Logrunner
29%
Helmeted Friarbird
29%
Jacky Winter
29%
Southern Whiteface
29%
Whiskered Tern
29%
Redthroat
27%
Rufous Whistler
27%
Striated Thornbill
27%
Australasian Bittern
25%
Black-backed Butcherbird
25%
Black-necked Stork
25%
Bridled Tern
25%
Channel-billed Cuckoo
25%
Chirruping Wedgebill
25%
Golden-backed Honeyeater
25%
Grass Owl
25%
Great Bowerbird
25%
Great Cormorant
25%
Great-winged Petrel
25%
Grey Shrike-thrush
25%
Grey Teal
25%
Gull-billed Tern
25%
Latham's Snipe
25%
Lesser Frigatebird
25%
Little Lorikeet
25%
Malleefowl
25%
Masked Woodswallow
25%
Northern Fantail
25%
Pacific Emerald Dove
25%
Pale-yellow Robin
25%
Rock Parrot
25%
Ruddy Turnstone
25%
Rufous Owl
25%
Scarlet-chested Parrot
25%
Swift Parrot
25%
White-browed Babbler
25%
Yellow-rumped Thornbill
25%
Yellow-tailed Black-Cockatoo
25%
Yellow White-eye
25%
Zitting Cisticola
25%
Lewin's Rail
23%
Fairy Prion
22%
Forest Raven
22%
Nankeen Night Heron
22%
Olive-backed Oriole
22%
Partridge Pigeon
22%
Black-breasted Buzzard
20%
Black-naped Tern
20%
Brown-headed Honeyeater
20%
Cape Petrel
20%
Chestnut-breasted Mannikin
20%
Cinnamon Quail-thrush
20%
Common Diving-Petrel
20%
Common Koel
20%
Common Noddy
20%
Glossy Swiftlet
20%
Graceful Honeyeater
20%
Green Pygmy-goose
20%
Lemon-bellied Flycatcher
20%
Lewin's Honeyeater
20%
Little Woodswallow
20%
Morepork
20%
Olive Whistler
20%
Oriental Cuckoo
20%
Red-necked Phalarope
20%
Singing Bushlark
20%
Slaty-backed Thornbill
20%
Southern Boobook
20%
Spangled Drongo
20%
Western Gerygone
20%
Whistling Kite
20%
White-bellied Cuckoo-shrike
20%
White-browed Treecreeper
20%
White-eared Monarch
20%
White-naped Honeyeater
20%
White-throated Treecreeper
20%
Yellow Wagtail
20%
Mangrove Robin
18%
White-fronted Honeyeater
18%
Australian Bustard
17%
Australian Hobby
17%
Beautiful Firetail
17%
Black Butcherbird
17%
Black-fronted Dotterel
17%
Black-throated Finch
17%
Bridled Honeyeater
17%
Brown Songlark
17%
Collared Kingfisher
17%
Common Bronzewing
17%
Grey Currawong
17%
Mallee Emu-wren
17%
Pacific Gull
17%
Rufous Treecreeper
17%
Spotted Harrier
17%
Squatter Pigeon
17%
Torresian Imperial-Pigeon
17%
Wedge-tailed Shearwater
17%
White-browed Scrubwren
17%
Wompoo Fruit-Dove
17%
Yellow-throated Scrubwren
17%
Fawn-breasted Bowerbird
15%
Australasian Grebe
14%
Banded Whiteface
14%
Bassian Thrush
14%
Eastern Bristlebird
14%
Great Frigatebird
14%
Little Grassbird
14%
Noisy Pitta
14%
Pied Heron
14%
Rockwarbler
14%
Stubble Quail
14%
Common Greenshank
13%
Flesh-footed Shearwater
13%
Paperbark Flycatcher
13%
Purple-gaped Honeyeater
13%
Red-backed Button-quail
13%
White-gaped Honeyeater
13%
Arctic Jaeger
11%
Crested Bellbird
11%
Dusky Honeyeater
11%
Large-tailed Nightjar
11%
Sooty Tern
11%
Australian Owlet-nightjar
0%
Australian Pratincole
0%
Australian Raven
0%
Australian Reed-Warbler
0%
Australian Spotted Crake
0%
Baillon's Crake
0%
Bar-breasted Honeyeater
0%
Barking Owl
0%
Bell Miner
0%
Black-faced Cuckoo-shrike
0%
Black-faced Monarch
0%
Blue-breasted Fairy-wren
0%
Blue-faced Parrot-Finch
0%
Brahminy Kite
0%
Broad-billed Flycatcher
0%
Broad-billed Sandpiper
0%
Brown Cuckoo-Dove
0%
Brown Goshawk
0%
Brown Quail
0%
Brown Skua
0%
Brown Thornbill
0%
Brush Cuckoo
0%
Buff-breasted Paradise-Kingfisher
0%
Chiming Wedgebill
0%
Cicadabird
0%
Crimson Finch
0%
Curlew Sandpiper
0%
Double-banded Plover
0%
Eastern Curlew
0%
Flock Bronzewing
0%
Fluttering Shearwater
0%
Forest Kingfisher
0%
Fuscous Honeyeater
0%
Golden Bowerbird
0%
Golden-headed Cisticola
0%
Great Knot
0%
Grey Grasswren
0%
Grey-headed Robin
0%
Grey Plover
0%
Grey-tailed Tattler
0%
Grey Whistler
0%
Horsfield's Bronze-Cuckoo
0%
Indian Yellow-nosed Albatross
0%
Large-billed Gerygone
0%
Large-billed Scrubwren
0%
Leaden Flycatcher
0%
Little Crow
0%
Little Eagle
0%
Mangrove Golden Whistler
0%
Orange Chat
0%
Oriental Plover
0%
Pacific Golden Plover
0%
Pallid Cuckoo
0%
Pheasant Coucal
0%
Pilotbird
0%
Princess Parrot
0%
Providence Petrel
0%
Purple-crowned Fairywren
0%
Radjah Shelduck
0%
Red-browed Treecreeper
0%
Red Knot
0%
Regent Parrot
0%
Roseate Tern
0%
Rose-crowned Fruit-Dove
0%
Rufous Fieldwren
0%
Rufous Shrike-thrush
0%
Short-tailed Shearwater
0%
Southern Emu-wren
0%
Southern Giant-Petrel
0%
Southern Scrub-robin
0%
Spectacled Monarch
0%
Star Finch
0%
Superb Fruit-Dove
0%
Tawny-crowned Honeyeater
0%
Turquoise Parrot
0%
Varied Honeyeater
0%
Western Bowerbird
0%
White-browed Woodswallow
0%
White-faced Storm-Petrel
0%
White-throated Needletail
0%
White-winged Black Tern
0%
White-winged Chough
0%
Wilson's Storm-Petrel
0%
Yellow-billed Kingfisher
0%
Yellow-breasted Boatbill
0%
Yellow-tinted Honeyeater
0%
Yellow-tufted Honeyeater
0%
No matching quizzes found
Score Distribution
Percent of People with Each Score
Percentile by Number Answered
Your Score History
You have not taken this quiz